Click Leaders of WWI Nations - Statistics

General Stats
  • This quiz has been taken 168 times
  • The average score is 11 of 16
Answer Stats
Hint Answer % Correct
Mehmed V Ottoman Empire
85%
Nicholas II Russia
85%
Franz Joseph Austria-Hungary
84%
Woodrow Wilson United States
83%
Terauchi Masatake Japan
80%
Wilhelm II Germany
78%
Vittorio Emmanuele Orlando Italy
78%
David Lloyd George Great Britain
74%
Georges Clemenceau France
67%
Rama VI Siam
62%
Billy Hughes Australia
59%
Robert Borden Canada
58%
Albert I Belgium
56%
Ferdinand I (Central Powers) Bulgaria
50%
Ferdinand I (Allies) Romania
46%
Peter (Petar) I Serbia
28%
No matching quizzes found
Score Distribution
Percent of People with Each Score
Percentile by Number Answered
Your Score History
You have not taken this quiz